Normal view
MARC view
- العلامة التجارية-رهن -قانون
Entry Topical Term
001 - CONTROL NUMBER
- control field: 58921
003 - CONTROL NUMBER IDENTIFIER
- control field: JO-AjAnu
005 - DATE AND TIME OF LATEST TRANSACTION
- control field: 20230606083635.0
008 - FIXED-LENGTH DATA ELEMENTS
- fixed length control field: 230606|| aca||aabn | a|a d
040 ## - CATALOGING SOURCE
- Original cataloging agency: JO-AjAnu
- Transcribing agency: JO-AjAnu
150 ## - HEADING--TOPICAL TERM
- Topical term or geographic name entry element: العلامة التجارية-رهن -قانون
670 ## - SOURCE DATA FOUND
- Source citation: Work cat.: (JO-AjAnu)30056: اعداد العكيدي، عمر خضير عباس؛ اشراف منتصر احمد مفلح القضاة, author 58920, النظام القانوني لرهن العلامة التجارية: دراسة مقارنة = Legal System for the Mortgage of the Trade Mark: A Comparative Study